000
00272nam a22001217a 4500
040
_c
SK
082
_a
639
100
_a
HUOT KONGHEANG
245
_a
Reservoir fisheries of india; អាងស្តុកជលផល
260
_a
NA
_b
HUO
_c
NA
300
_a
NA
942
_c
EK
999
_c
8886
_d
8886